| 000 | 01045nam a22003257a 4500 | ||
|---|---|---|---|
| 003 | CHAP | ||
| 005 | 20220817042042.0 | ||
| 008 | 971013s1974 r 00010 d | ||
| 010 | _a33112 | ||
| 011 | _a34084 | ||
| 035 | _a38200 | ||
| 040 | _cCHAP | ||
| 082 |
_a341 _bN6 |
||
| 100 | 0 | 0 |
_aNovoa Monreal, Eduardo. _982055 |
| 245 | _aNacionalización y recuperación de recursos naturales ante la ley internacional | ||
| 260 |
_aMéxico, D. F. : _bFondo de Cultura Económica, _c1974 |
||
| 300 | _a135 p. | ||
| 490 | _aSección de obras de economía | ||
| 590 |
_aBATCH-UPD _b10 _c20130110 _lUCH01 _h1316 |
||
| 590 |
_aBATCH-UPD _b10 _c20130410 _lUCH01 _h0827 |
||
| 590 |
_aBATCH-UPD _b10 _c20130914 _lUCH01 _h1143 |
||
| 590 |
_aCONVERSION _b10 _c20130109 _lUCH01 _h1319 |
||
| 650 | 1 | 4 |
_aDerecho internacional. _931889 |
| 650 | 1 | 4 |
_aNacionalización. _980007 |
| 650 | 1 | 4 |
_aRecursos naturales. _995172 |
| 830 | 0 | _aSección de obras de economía | |
| 901 | _aBK | ||
| 942 | _cLIBRO | ||
| 949 |
_a341 N6 _bBC _cLIBRO _d-87317 _eLIBRO _h40755 _i38200 _si |
||
| 999 |
_c33112 _d33112 |
||